PEI Minor Hockey Team Names - Statistics

General Stats
  • This quiz has been taken 5 times
  • The average score is 14 of 17
Answer Stats
Town Team Name % Correct
Tignish Aces
100%
Northumberland Bruins
100%
Summerside Capitals
100%
North River Flames
100%
Southside Lynx
100%
Montague Norsemen
100%
Pownal Red Devils
100%
Evangeline Flyers
75%
Charlottetown Islanders
75%
O'Leary Maroons
75%
Alberton Regals
75%
Belfast Sabres
75%
Souris Seahawks
75%
Tyne Valley Tornadoes
75%
Kensington Vipers
75%
Georgetown Eagles
50%
Morell Mustangs
50%
No matching quizzes found
Score Distribution
Percent of People with Each Score
Percentile by Number Answered
Your Score History
You have not taken this quiz